Adivina el personaje de Mentes Criminales #2 - Estadísticas

Estadísticas generales
  • Esta prueba ha sido intentada 6 veces
  • La puntuación promedio es 4 de 16
Estadísticas de respuestas
Imagen Respuesta % Correcto
Haley Hotchner
60%
Henry LaMontaigne
60%
Alex Blake
40%
Ian Doyle
40%
Tobias Hankel / Raphael
40%
Ashley Seaver
20%
George Foyet / The Reaper
20%
Grant Anderson
20%
Jordan Todd
20%
Kevin Lynch
20%
Peter Lewis / Mr. Scratch
20%
Stephen Walker
20%
Cat Adams
0%
Elizabeth Prentiss
0%
Kate Callahan
0%
Mateo Cruz
0%
No se encontraron pruebas coincidentes
Distribución de puntuación
Porcentaje de gente con cada puntuación
Porcentaje por número respondido
Historial de tus puntuaciones
No has intentado esta prueba.